Stati per esportazioni di Mais - Statistics

Statistiche generali
  • Questo quiz è stato fatto 15 volte
  • Il punteggio medio è 8 su 10
Statistiche sulle risposte
Esportazioni (milioni $) Continente Nazione % Corretto
9 100 America del Sud Argentina
100%
4 200 America del Sud Brasile
100%
19 100 America del Nord Stati Uniti
100%
1 900 Europa Francia
93%
694,2 Asia / Europa Russia
93%
5 900 Europa Ucraina
86%
935,6 Asia India
71%
1 900 Europa Romania
71%
809,3 Africa Sudafrica
64%
1 000 Europa Ungheria
64%
Nessun quiz corrispondente trovato
Distribuzione punteggi
Percentuale di utenti per punteggio
Percentile per numero di risposta
I tuoi punteggi nel tempo
Non hai fatto questo quiz